| 000 | 00860nam a22002057a 4500 | ||
|---|---|---|---|
| 999 |
_c18074 _d18074 |
||
| 003 | BDDh-ASL | ||
| 005 | 20231015025658.0 | ||
| 008 | 200917b1934 ||||| |||| 00| 0 d | ||
| 040 |
_aBDDh-ASL _cBDDh-ASL _dBDDh-ASL |
||
| 041 | _abengali | ||
| 082 |
_a302.8914 _bODS |
||
| 100 | 1 |
_aওদুদ, কাজী আবদুল _9907 |
|
| 245 | 1 |
_aসমাজ ও সাহিত্য/ _cকাজী আবদুল ওদুদ । |
|
| 246 | _aSamaj O Sahitya. | ||
| 260 |
_aকলিকাতা: _bমোসলেম পাবলিশিং হাউস, _c১৯৩৪। |
||
| 300 |
_a১৮৬ পৃষ্ঠা: _c১৮ সে. মি.। |
||
| 504 | _aগ্রন্থপঞ্জি সংযুক্ত। | ||
| 650 | 0 |
_9908 _aবাংলা সাহিত্য _xসামাজিক বিজ্ঞান |
|
| 942 |
_2ddc _cBK |
||